| 000 | 00000nam##2200000za#4500 |
| 001 | 9.601359 |
| 003 | CaOODSP |
| 005 | 20210624210033 |
| 007 | cr ||||||||||| |
| 008 | 150406|2006||||xxc|||||o f|0| 0 fre|d |
| 022 | |a1919-5117 |
| 040 | |aCaOODSP|bfre |
| 043 | |an-cn--- |
| 086 | 1 |aFs70-6/2006-048F-PDF |
| 110 | 1 |aCanada. |bMinistère des pêches et des océans. |bRégion des Maritimes. |
| 245 | 10|aÉtat de l'océan en 2005 : |h[ressource électronique]|bconditions chimiques et biologiques dans le golfe du Maine, dans la baie de Fundy, sur le plateau néo-écossais et dans le sud du golfe du Saint-Laurent |
| 246 | 3 |aRégions des Maritimes et du Golfe : conditions chimiques et biologiques |
| 260 | |aDartmouth - Nouvelle-Écosse : |bPêches et Océans Canada. |cMars 2007. |
| 300 | |a20p.|bcartes en couleur, figures (certaines en couleur), graphiques, ill., références |
| 490 | 1 |aSecrétariat canadien de consultation scientifique, avis scientifique|x1919-5117|v2006/048, Régions des Maritimes et du Golfe |
| 590 | |a11-15-Supp|b2011-08-22 |
| 775 | 08|t2005 state of the ocean : |w(CaOODSP)9.570711 |
| 830 | #0|aAvis scientifique (Secrétariat canadien de consultation scientifique)|x1919-5117|v2006/048, Régions des Maritimes et du Golfe|w(CaOODSP)9.502624 |
| 856 | 40|ahttp://publications.gc.ca|qPDF|s1.48 Mo|uhttps://publications.gc.ca/collections/collection_2011/mpo-dfo/Fs70-6-2006-048-fra.pdf|y2006/048, Régions des Maritimes et du Golfe |